000 00542nam a2200157 a 4500
005 20140414132111.0
008 110512s19uu xx 00 eng d
050 _aM 609
_bT66 2003
100 _aTomecek, Steve.
245 _aWhat a great idea! :
_binventions that changed the world /
_cStephen M. Tomecek ; illustrated by Dan Stuckenschneider.
250 _a1st ed.
260 _aNew York :
_bScholastic Nonfiction,
_c2003.
650 _aInventions
_xHistory
_xJuvenile literature.
700 _aStuckenschneider, Dan, ill.
999 _c114735
_d114735